What Movie? Back to the Camera XVI Quiz Stats

 Plays Quiz Updated Aug 29, 2017

Challenge
Share
Tweet
Score 0/25 Timer 08:00
2 Plays Today
% Correct
Cast Away
93.6%
Despicable Me
92.2%
La La Land
82.9%
Suicide Squad
78.6%
Casablanca
69.2%
Tootsie
64.5%
Grown Ups
63%
Armageddon
62.9%
Casino Royale
62.3%
Legally Blonde
61.7%
Batman Returns
53.1%
Young Frankenstein
52.4%
Hugo
51.8%
% Correct
Reservoir Dogs
47.2%
Tropic Thunder
43.5%
Groundhog Day
43.4%
Interview with the Vampire
40.5%
Annie Hall
39.6%
The Big Short
37.9%
Manchester by the Sea
36.8%
Gremlins
31.2%
Devil's Advocate
29.3%
The Untouchables
28.3%
Prometheus
26.2%
Source Code
21.8%

You're not logged in!

Compare scores with friends on all Sporcle quizzes.
OR
Log In

You Might Also Like...

Show Comments

Extras

Top Quizzes Today


Score Distribution

Your Account Isn't Verified!

In order to create a playlist on Sporcle, you need to verify the email address you used during registration. Go to your Sporcle Settings to finish the process.

Report this User

Report this user for behavior that violates our Community Guidelines.

Details: